000 00806nam a2200217 i 4500
001 84598
003 ES-MaACL
005 20250902103428.0
007 t|
008 041123s1951 sp ||||1| spa d
100 1 _aJiménez de Gregorio, Fernando,
_d1911-2012
_966505
245 1 4 _aLos núcleos de población de La Jara toledana /
_cpor Fernando Jiménez de Gregorio.
260 _aMadrid :
_b[s.n.,
_c1951] (
_fS. Aguirre)
300 _a39 p. :
_bil. ;
_c25 cm.
490 1 _aPublicaciones de la Real Sociedad Geográfica. Serie B ;
_v259
651 4 _aToledo (Provincia)-
_xPoblación.
_9171831
710 2 _aReal Sociedad Geográfica
_96403
830 1 _aPublicaciones de la Real Sociedad Geográfica. Serie B ;
_v259
_9182685
852 _aES-MaACL
_j1930-F-21
999 _c84598
_d84598